000 00303nam a2200109Ia 4500
008 171204s9999 xx 000 0 und d
245 _aInstant HTML5 2D Platformer:
245 _cAidan Temple
260 _c2013
650 _x2D COMPUTER ANIMATION
856 _uhttp://down.ebook777.com/051/1849696780.pdf
999 _c346230
_d346230